LITERATURE AN INTRODUCTION TO FICTION, POETRY, AND DRAMA / (Record no. 615370)

000 -LEADER
fixed length control field 00377nam a22001457a 4500
020 ## - INTERNATIONAL STANDARD BOOK NUMBER
Qualifying information HB.
040 ## - CATALOGING SOURCE
Transcribing agency FIZZA ISHAQ
082 ## - DEWEY DECIMAL CLASSIFICATION NUMBER
Classification number 808
Author Mark KEN
100 ## - MAIN ENTRY--PERSONAL NAME
Personal name GioiA,KENNEDY.
9 (RLIN) 131956
245 ## - TITLE STATEMENT
Title LITERATURE AN INTRODUCTION TO FICTION, POETRY, AND DRAMA /
Statement of responsibility, etc. KENNEDY GioiA.
250 ## - EDITION STATEMENT
Edition statement 7TH ED.
260 ## - PUBLICATION, DISTRIBUTION, ETC.
Place of publication, distribution, etc. NEW YORK:
Name of publisher, distributor, etc. LONGMAN,
Date of publication, distribution, etc. 1999.
300 ## - PHYSICAL DESCRIPTION
Extent 2029 P. ;
942 ## - ADDED ENTRY ELEMENTS (KOHA)
Source of classification or shelving scheme
Koha item type Book
Holdings
Withdrawn status Lost status Source of classification or shelving scheme Damaged status Not for loan Permanent Location Current Location Shelving location Date acquired Total Checkouts Full call number Barcode Date last seen Copy number Price effective from Koha item type
          NUST Baluchistan Campus (NBC) NUST Baluchistan Campus (NBC) General Stacks 11/19/2025   808 KEN QD-189 11/19/2025 1 11/19/2025 Book
© 2023 Central Library, National University of Sciences and Technology. All Rights Reserved.